Szerkesztői üzenetek

Elmentve itt :
Bibliográfiai részletek
Dokumentumtípus: Cikk
Megjelent: 1948
Sorozat:Honvéd : katonai folyóirat 3 No. 7
Kulcsszavak:Hadtudomány
Online Access:http://misc.bibl.u-szeged.hu/14386
LEADER 00489nab a2200157 i 4500
001 misc14386
005 20191106141752.0
008 170607s1948 hu o 0|| hun d
040 |a SZTE Miscellanea Repozitórium  |b hun 
041 |a hun 
245 0 0 |a Szerkesztői üzenetek  |h [elektronikus dokumentum] 
260 |c 1948 
300 |a 68 
490 0 |a Honvéd : katonai folyóirat  |v 3 No. 7 
695 |a Hadtudomány 
856 4 0 |u http://misc.bibl.u-szeged.hu/14386/1/honved_003_007_068.pdf  |z Dokumentum-elérés